000 00525 a2200205 4500
001 000043
003 OSt
005 20251204145113.0
008
020 _a0132297515
040 _cCURAJ
082 _a510
_bK83D
100 1 _aKolman, Bernard
245 1 _aDiscrete mathematical structures
_cBy Bernard Kolman And Robert C. Busby
260 _aNew Delhi
_bPearson
_c2009
300 _a555p.
690 _aComputer science--Mathematics
700 _aBusby, Robert C.
942 _2ddc
_cBK
999 _c2
_d2